[Event "Calvia Amateur op 20th"]
[Site "Calvia"]
[Date "2023.10.12"]
[Round "6"]
[White "Svensson, Mikael"]
[Black "Westendorf Vidal, Carles"]
[Result "0-1"]
[WhiteElo "2059"]
[BlackElo "1899"]
[PlyCount "78"]
[EventDate "2023.10.07"]
[EventType "swiss"]
[EventRounds "9"]
[EventCountry "ESP"]
[SourceTitle "Mega2024 Update 01"]
[Source "Chessbase"]
[SourceDate "2023.11.12"]
[SourceVersion "1"]
[SourceVersionDate "2023.11.12"]
[SourceQuality "1"]

1. d4 Nf6 2. Nf3 g6 3. e3 Bg7 4. Be2 0-0 5. 0-0 d6 6. b3 Nbd7 7. Bb2 e5 8. dxe5 Ng4 9. c4 Ndxe5 10. Nxe5 Nxe5 11. Qd2 Qh4 12. Nc3 Be6 13. Nd5 c6 14. Nc7 Rad8 15. Nxe6 fxe6 16. h3 d5 17. c5 Rf7 18. f4 Nd7 19. Bxg7 Kxg7 20. Bg4 Re8 21. Qd4+ Kg8 22. Kh2 Qe7 23. b4 Ref8 24. Be2 e5 25. fxe5 Rxf1 26. Rxf1 Rxf1 27. Bxf1 Qxe5+ 28. Qxe5 Nxe5 29. Kg3 g5 30. h4 h6 31. hxg5 hxg5 32. Be2 Kf7 33. Kf2 Ke6 34. Ke1 Kf5 35. Kd2 Ke4 36. a4 Nc4+ 37. Bxc4 dxc4 38. b5 g4 39. a5 a6 0-1

[Event "Calvia Amateur op 17th"]
[Site "Calvia"]
[Date "2020.10.15"]
[Round "6"]
[White "Andreu Lopez, Santiago"]
[Black "Westendorf Vidal, Carles"]
[Result "1-0"]
[WhiteElo "1845"]
[BlackElo "1690"]
[PlyCount "53"]
[EventDate "2020.10.10"]
[EventType "swiss"]
[EventRounds "9"]
[EventCountry "ESP"]
[SourceTitle "CBM 198 Extra"]
[Source "ChessBase"]
[SourceDate "2020.11.30"]
[SourceVersion "1"]
[SourceVersionDate "2020.11.30"]
[SourceQuality "1"]

1. e4 e5 2. Nf3 Nc6 3. Bb5 a6 4. Ba4 Nf6 5. 0-0 Be7 6. c3 b5 7. Bc2 Bb7 8. Re1 d6 9. d4 0-0 10. Nbd2 Re8 11. Nf1 Bc8 12. Ng3 Na5 13. a4 c5 14. d5 Qc7 15. Qe2 c4 16. Nf5 Nd7 17. Ng5 Nc5 18. Qh5 h6 19. Re3 Bf8 20. Nxh6+ gxh6 21. Rg3 Bg7 22. Nh7 Re6 23. dxe6 fxe6 24. Bxh6 Kxh7 25. Bxg7+ Kg8 26. Qh8+ Kf7 27. Qf8# 1-0

[Event "Campos Migjorn op"]
[Site "Campos"]
[Date "2019.09.21"]
[Round "6"]
[White "Westendorf Vidal, Carles"]
[Black "Ramis Sebastia, Jordi Salvador"]
[Result "0-1"]
[WhiteElo "1661"]
[BlackElo "1508"]
[PlyCount "42"]
[EventDate "2019.09.06"]
[EventType "swiss"]
[EventRounds "8"]
[EventCountry "ESP"]
[SourceTitle "EXT 2020"]
[Source "ChessBase"]
[SourceDate "2019.10.17"]
[SourceVersion "1"]
[SourceVersionDate "2019.10.17"]
[SourceQuality "1"]

1. e4 c5 2. Nf3 d6 3. d4 cxd4 4. Nxd4 Nf6 5. Nc3 a6 6. Bg5 e6 7. f4 Be7 8. Qf3 0-0 9. 0-0-0 Nc6 10. Nxc6 bxc6 11. e5 Nd5 12. Ne4 Bxg5 13. fxg5 Rb8 14. Rxd5 exd5 15. Nf6+ Kh8 16. Qd3 gxf6 17. exf6 Qa5 18. c3 d4 19. Qg3 dxc3 20. Bd3 cxb2+ 21. Kb1 Be6 0-1

[Event "Mallorca-ch C"]
[Site "Palma de Mallorca"]
[Date "2018.11.24"]
[Round "5.3"]
[White "Ruiz Ruiz, Francisco Gabriel"]
[Black "Westendorf Vidal, Carles"]
[Result "1-0"]
[WhiteElo "1620"]
[BlackElo "1502"]
[PlyCount "49"]
[EventDate "2018.11.10"]
[EventType "swiss"]
[EventRounds "6"]
[EventCountry "ESP"]
[SourceTitle "EXT 2024"]
[Source "ChessBase"]
[SourceDate "2023.10.10"]
[SourceVersion "1"]
[SourceVersionDate "2023.10.10"]
[SourceQuality "1"]

1. e4 e5 2. Nf3 Nc6 3. Bb5 a6 4. Ba4 Nf6 5. d3 Bc5 6. c3 b5 7. Bc2 0-0 8. Qe2 d5 9. Nbd2 Bb7 10. Nf1 dxe4 11. dxe4 h6 12. h3 Qe7 13. g4 Rfd8 14. Ng3 Bc8 15. Rg1 b4 16. g5 Nh7 17. gxh6 g6 18. Nf5 Qd7 19. Qc4 Kh8 20. Qxc5 gxf5 21. Nxe5 Nxe5 22. Qxe5+ f6 23. Qg3 c5 24. Qg7+ Qxg7 25. hxg7+ 1-0

[Event "Mallorca-ch C"]
[Site "Palma de Mallorca"]
[Date "2018.11.18"]
[Round "4.8"]
[White "Westendorf Vidal, Carles"]
[Black "Garcia Feore, Daniel James"]
[Result "1-0"]
[WhiteElo "1502"]
[BlackElo "1434"]
[PlyCount "57"]
[EventDate "2018.11.10"]
[EventType "swiss"]
[EventRounds "6"]
[EventCountry "ESP"]
[SourceTitle "EXT 2024"]
[Source "ChessBase"]
[SourceDate "2023.10.10"]
[SourceVersion "1"]
[SourceVersionDate "2023.10.10"]
[SourceQuality "1"]

1. e4 e5 2. Nf3 Nc6 3. Bc4 Bc5 4. c3 Nf6 5. d4 exd4 6. cxd4 Bb6 7. 0-0 0-0 8. Nc3 h6 9. h3 d6 10. a3 Be6 11. d5 Na5 12. Ba2 Bd7 13. b4 Re8 14. Re1 c5 15. bxa5 Bxa5 16. Bb2 Bxc3 17. Bxc3 Nxe4 18. Rc1 Qb6 19. Ba1 Qa5 20. Re3 f5 21. Bb1 Rac8 22. Bxe4 Rxe4 23. Qe1 Qa4 24. Qc3 Rd4 25. Rce1 f4 26. Re7 b6 27. Nxd4 cxd4 28. Qxd4 Qxd4 29. Bxd4 1-0

[Event "Calvia Bellon Memorial"]
[Site "Calvia"]
[Date "2018.04.28"]
[Round "2.2"]
[White "Westendorf Vidal, Carles"]
[Black "Ferrer Agus, Rodrigo"]
[Result "1-0"]
[WhiteElo "1462"]
[BlackElo "1527"]
[PlyCount "57"]
[EventDate "2018.04.27"]
[EventType "swiss"]
[EventRounds "5"]
[EventCountry "ESP"]
[SourceTitle "EXT 2024"]
[Source "ChessBase"]
[SourceDate "2023.10.10"]
[SourceVersion "1"]
[SourceVersionDate "2023.10.10"]
[SourceQuality "1"]

1. e4 e5 2. Nf3 Nc6 3. Bb5 a6 4. Ba4 Nf6 5. 0-0 b5 6. Bb3 d6 7. c3 Bg4 8. h3 Bh5 9. d3 Be7 10. Re1 0-0 11. Nbd2 h6 12. Nf1 Na5 13. Bc2 Bg6 14. Ng3 Nc6 15. Nh4 Bh5 16. Nxh5 Nxh5 17. Nf5 Nf6 18. Qf3 Ne8 19. Qg3 Bg5 20. Bxg5 Qxg5 21. Qxg5 hxg5 22. Rad1 g6 23. Ne3 Ne7 24. d4 f5 25. dxe5 dxe5 26. Rd7 Rf7 27. Bb3 Kf8 28. Bxf7 Kxf7 29. Nd5 1-0

[Event "Calvia Bellon Memorial"]
[Site "Calvia"]
[Date "2018.04.28"]
[Round "3.1"]
[White "Westendorf Vidal, Carles"]
[Black "Gomila Benejam, Doro"]
[Result "1/2-1/2"]
[WhiteElo "1462"]
[BlackElo "1742"]
[PlyCount "54"]
[EventDate "2018.04.27"]
[EventType "swiss"]
[EventRounds "5"]
[EventCountry "ESP"]
[SourceTitle "EXT 2024"]
[Source "ChessBase"]
[SourceDate "2023.10.10"]
[SourceVersion "1"]
[SourceVersionDate "2023.10.10"]
[SourceQuality "1"]

1. e4 c5 2. Nf3 d6 3. d4 cxd4 4. Nxd4 Nf6 5. Nc3 a6 6. Be2 e6 7. 0-0 Qc7 8. Qd3 Nc6 9. Nxc6 bxc6 10. Kh1 e5 11. h3 Be6 12. f4 exf4 13. Bxf4 Be7 14. Qg3 0-0 15. Bh6 Ne8 16. Bf4 Bf6 17. Rad1 Be5 18. Bxe5 dxe5 19. Rd2 f6 20. Rfd1 Qe7 21. Bg4 Ra7 22. Bxe6+ Qxe6 23. Qd3 g6 24. b3 Ng7 25. Na4 Nh5 26. Nc5 Qf7 27. Qd6 Rc8 1/2-1/2

[Event "Calvia Bellon Memorial"]
[Site "Calvia"]
[Date "2018.04.27"]
[Round "1.4"]
[White "Tomas Viver, Marta"]
[Black "Westendorf Vidal, Carles"]
[Result "0-1"]
[WhiteElo "1120"]
[BlackElo "1462"]
[PlyCount "60"]
[EventDate "2018.04.27"]
[EventType "swiss"]
[EventRounds "5"]
[EventCountry "ESP"]
[SourceTitle "EXT 2024"]
[Source "ChessBase"]
[SourceDate "2023.10.10"]
[SourceVersion "1"]
[SourceVersionDate "2023.10.10"]
[SourceQuality "1"]

1. d4 Nf6 2. Nf3 e6 3. Bf4 b6 4. e3 Bb7 5. Bd3 Be7 6. 0-0 0-0 7. Nbd2 Nh5 8. c3 Nxf4 9. exf4 c5 10. Qc2 h6 11. Rfe1 Nc6 12. Ne5 cxd4 13. cxd4 Nxd4 14. Qc3 Nc6 15. Bc2 Nxe5 16. fxe5 f5 17. exf6 Rxf6 18. Qd3 Bc5 19. Qh7+ Kf7 20. Rf1 Ba6 21. Ne4 Bxf1 22. Nxf6 Qxf6 23. Rxf1 Qxb2 24. Qg6+ Ke7 25. Be4 Rf8 26. Qg3 Rxf2 27. Qh4+ Rf6+ 28. Kh1 g5 29. Qe1 Rxf1+ 30. Qxf1 Qxa2 0-1

[Event "Mallorca-ch Tercera"]
[Site "Palma"]
[Date "2017.12.10"]
[Round "6.4"]
[White "Westendorf Vidal, Carles"]
[Black "Moya Martinez, Diego"]
[Result "1-0"]
[WhiteElo "1462"]
[BlackElo "1641"]
[PlyCount "112"]
[EventDate "2017.12.02"]
[EventType "swiss"]
[EventRounds "8"]
[EventCountry "ESP"]
[SourceTitle "EXT 2024"]
[Source "ChessBase"]
[SourceDate "2023.10.10"]
[SourceVersion "1"]
[SourceVersionDate "2023.10.10"]
[SourceQuality "1"]

1. e4 c5 2. Nc3 Nc6 3. Bb5 a6 4. Bxc6 bxc6 5. f4 d6 6. d3 e6 7. Nf3 g6 8. 0-0 Bg7 9. Bd2 Rb8 10. Rb1 Ne7 11. Na4 0-0 12. Bc3 Bxc3 13. Nxc3 Qb6 14. Kh1 Bd7 15. Qe1 f6 16. Qh4 Kg7 17. g4 Ng8 18. Rg1 Qd8 19. Rg3 f5 20. Qxd8 Rbxd8 21. gxf5 exf5 22. e5 d5 23. Na4 c4 24. d4 Rfe8 25. Nc5 Bc8 26. b3 h6 27. c3 cxb3 28. Rxb3 Ne7 29. Ra3 Kf7 30. Rh3 Rh8 31. Rg3 Be6 32. Rxa6 Ra8 33. Rg2 Rxa6 34. Nxa6 Ra8 35. Nc5 Ra3 36. Rc2 Nc8 37. h4 Na7 38. Ng1 Nb5 39. Ne2 Bc8 40. Kg2 Be6 41. Kf2 Bc8 42. Ke1 Ra7 43. Rb2 Ra3 44. Kd2 Be6 45. Rc2 Bc8 46. Kc1 Ke7 47. Kd2 Be6 48. Nb3 Kf7 49. Nec1 Ke7 50. Kd3 Kd7 51. Rg2 Bf7 52. Kc2 Ra8 53. Kb2 Na3 54. Nc5+ Ke7 55. N5b3 Nc4+ 56. Kc2 Ra3 1-0

[Event "Mallorca-ch Tercera"]
[Site "Palma"]
[Date "2017.12.06"]
[Round "3.8"]
[White "Garcia Adell, Ivan"]
[Black "Westendorf Vidal, Carles"]
[Result "0-1"]
[WhiteElo "1328"]
[BlackElo "1462"]
[PlyCount "112"]
[EventDate "2017.12.02"]
[EventType "swiss"]
[EventRounds "8"]
[EventCountry "ESP"]
[SourceTitle "EXT 2024"]
[Source "ChessBase"]
[SourceDate "2023.10.10"]
[SourceVersion "1"]
[SourceVersionDate "2023.10.10"]
[SourceQuality "1"]

1. e4 e5 2. Nf3 Nc6 3. Bc4 Bc5 4. Nc3 Nf6 5. d3 h6 6. Qe2 d6 7. Nd5 Nxd5 8. Bxd5 Bg4 9. c3 0-0 10. Be3 Bb6 11. h3 Be6 12. 0-0-0 Qc8 13. Nd2 Bxe3 14. Qxe3 Ne7 15. Bxe6 Qxe6 16. Nb3 a5 17. d4 exd4 18. cxd4 Qc4+ 19. Qc3 Qxc3+ 20. bxc3 a4 21. Nd2 d5 22. e5 b5 23. Kc2 Rfc8 24. Nb1 c5 25. dxc5 Rxc5 26. Kb2 Rb8 27. a3 Ng6 28. Rhe1 Nf4 29. Rg1 Rbc8 30. Rd2 Ng6 31. Rgd1 Rd8 32. Re1 Nf4 33. Rg1 Re8 34. g3 Nxh3 35. Re1 Ng5 36. Rdd1 Ne4 37. f4 Nxg3 38. Nd2 Nf5 39. Nf3 Re6 40. Nd4 Nxd4 41. cxd4 Rc8 42. Rc1 Rec6 43. Rxc6 Rxc6 44. f5 Kf8 45. e6 fxe6 46. fxe6 Ke7 47. Re5 Rd6 48. Kc3 g5 49. Kb4 Rxe6 50. Rxd5 g4 51. Rxb5 g3 52. Rc5 g2 53. Rc1 Rg6 54. Rg1 h5 55. Kc5 Kd7 56. Kd5 h4 0-1

[Event "Santa Margalida Mallorca-ch"]
[Site "Santa Margalida"]
[Date "2016.11.18"]
[Round "3"]
[White "Hermida Izquierdo, Miguel Angel"]
[Black "Westendorf Vidal, Carles"]
[Result "1-0"]
[WhiteElo "1688"]
[BlackElo "1325"]
[PlyCount "72"]
[EventDate "2016.11.11"]
[EventType "swiss"]
[EventRounds "8"]
[EventCountry "ESP"]
[SourceTitle "EXT 2018"]
[Source "ChessBase"]
[SourceDate "2017.10.13"]
[SourceVersion "1"]
[SourceVersionDate "2017.10.13"]
[SourceQuality "1"]

1. c4 e5 2. Nc3 Bb4 3. g3 Nf6 4. Bg2 c6 5. e4 d6 6. Nge2 Be6 7. d3 0-0 8. 0-0 d5 9. a3 Bxc3 10. Nxc3 dxc4 11. dxc4 Bxc4 12. Re1 Nbd7 13. Qc2 Be6 14. Rd1 Qe7 15. Bg5 h6 16. Be3 b6 17. h3 Rac8 18. Qe2 Nc5 19. b4 Ncd7 20. Rd2 Nh7 21. Rad1 Ndf6 22. f4 exf4 23. Bxf4 Rfd8 24. Bd6 Qb7 25. b5 cxb5 26. e5 Qa6 27. Qxb5 Qxb5 28. Nxb5 Nd7 29. Nxa7 Rc3 30. Nc6 Re8 31. Kh2 Nhf8 32. Nd4 Rxa3 33. Bxa3 Nxe5 34. Nxe6 Nxe6 35. Rc1 b5 36. Bb4 Nc4 1-0

[Event "Balears-ch U14"]
[Site "Mallorca"]
[Date "2016.05.21"]
[Round "3.5"]
[White "Vives Morey, Pere Joan"]
[Black "Westendorf Vidal, Carles"]
[Result "1/2-1/2"]
[WhiteElo "1422"]
[BlackElo "1333"]
[PlyCount "79"]
[EventDate "2016.05.20"]
[EventType "swiss"]
[EventRounds "5"]
[EventCountry "ESP"]
[SourceTitle "EXT 2024"]
[Source "ChessBase"]
[SourceDate "2023.10.10"]
[SourceVersion "1"]
[SourceVersionDate "2023.10.10"]
[SourceQuality "1"]

1. d4 Nf6 2. Nf3 e6 3. g3 g6 4. Bg2 c5 5. c4 d5 6. 0-0 Nc6 7. Nc3 Bg7 8. Re1 b6 9. a3 a5 10. e3 0-0 11. Nb5 Ba6 12. a4 Bxb5 13. axb5 Nb4 14. b3 Qd7 15. Ne5 Qc7 16. Bb2 Rfd8 17. e4 Nxe4 18. Bxe4 dxe4 19. Rxe4 f5 20. Re2 cxd4 21. Bxd4 Bxe5 22. Rxe5 a4 23. Rxe6 Qd7 24. Rxb6 Qxd4 25. Qxd4 Rxd4 26. bxa4 Rxc4 27. a5 Nd5 28. Rb7 Rb4 29. a6 Nc3 30. Ra5 Nxb5 31. Raxb5 Rxb5 32. Rxb5 Rxa6 33. Kg2 Kg7 34. h4 Kf6 35. Kh3 Ra2 36. f3 Ra3 37. f4 Kg7 38. Rc5 Kh6 39. Rc7 Rb3 40. Rd7 1/2-1/2

[Event "Balears-ch U14"]
[Site "Mallorca"]
[Date "2016.05.20"]
[Round "1.2"]
[White "Cisneros Serra, Javier"]
[Black "Westendorf Vidal, Carles"]
[Result "1-0"]
[WhiteElo "1598"]
[BlackElo "1333"]
[PlyCount "89"]
[EventDate "2016.05.20"]
[EventType "swiss"]
[EventRounds "5"]
[EventCountry "ESP"]
[SourceTitle "EXT 2024"]
[Source "ChessBase"]
[SourceDate "2023.10.10"]
[SourceVersion "1"]
[SourceVersionDate "2023.10.10"]
[SourceQuality "1"]

1. e4 e5 2. Nf3 d6 3. Bc4 Be7 4. d4 Nd7 5. 0-0 Ngf6 6. Nc3 c6 7. a4 Nb6 8. Bb3 Bg4 9. Be3 0-0 10. Re1 Nbd7 11. Qd2 Bxf3 12. gxf3 Nh5 13. Kh1 Kh8 14. Rg1 f5 15. Bg5 f4 16. Bxe7 Qxe7 17. Rad1 Rad8 18. Rg2 c5 19. Nd5 Qe8 20. Nc7 Qe7 21. Ne6 Rf6 22. Nxd8 Qxd8 23. d5 Rh6 24. Rdg1 b6 25. Qe2 Qc8 26. Qb5 a6 27. Qc6 Qd8 28. Bc4 Nb8 29. Qb7 Nd7 30. Bxa6 Rf6 31. Qc8 Rf8 32. Qxd8 Rxd8 33. Ra1 Ra8 34. Bb5 Ndf6 35. Rgg1 Ne8 36. a5 bxa5 37. Bc6 Rb8 38. Rxa5 Nc7 39. Ra7 Ne8 40. Rga1 Nhf6 41. Ra8 Rxb2 42. Bxe8 h6 43. Bg6+ Ng8 44. Rxg8+ Kxg8 45. Ra8+ 1-0

[Event "Palma Bellon Memorial U16"]
[Site "Palma"]
[Date "2016.04.30"]
[Round "3"]
[White "Westendorf Vidal, Carles"]
[Black "Amengual Perello, Jordi"]
[Result "1-0"]
[WhiteElo "1333"]
[BlackElo "1406"]
[PlyCount "31"]
[EventDate "2016.04.29"]
[EventType "swiss"]
[EventRounds "6"]
[EventCountry "ESP"]
[SourceTitle "EXT 2024"]
[Source "ChessBase"]
[SourceDate "2023.10.10"]
[SourceVersion "1"]
[SourceVersionDate "2023.10.10"]
[SourceQuality "1"]

1. e4 e5 2. Nf3 Nf6 3. d3 Nc6 4. g3 b6 5. Bg2 Bb7 6. Be3 g6 7. 0-0 Bg7 8. Re1 0-0 9. c3 d5 10. Nbd2 Ng4 11. exd5 Nxe3 12. Rxe3 Qxd5 13. Nxe5 Qd6 14. Ndc4 Qd8 15. Nxc6 Bxc6 16. Bxc6 1-0

[Event "Mallorca-ch U14"]
[Site "Mallorca"]
[Date "2016.02.05"]
[Round "3.4"]
[White "Westendorf Vidal, Carles"]
[Black "Alcaraz Palomares, Asensio"]
[Result "0-1"]
[WhiteElo "1307"]
[BlackElo "1436"]
[PlyCount "76"]
[EventDate "2016.02.05"]
[EventType "swiss"]
[EventRounds "6"]
[EventCountry "ESP"]
[SourceTitle "EXT 2024"]
[Source "ChessBase"]
[SourceDate "2023.10.10"]
[SourceVersion "1"]
[SourceVersionDate "2023.10.10"]
[SourceQuality "1"]

1. e4 c5 2. Nf3 d6 3. d4 cxd4 4. Nxd4 Nf6 5. Nc3 g6 6. Bc4 Bg7 7. 0-0 0-0 8. h3 a6 9. a3 Nbd7 10. b4 Qc7 11. Qd3 Ne5 12. Bxf7+ Rxf7 13. Qd2 Nc6 14. Bb2 Nxd4 15. Qxd4 Nxe4 16. Qxe4 Bxc3 17. Bxc3 Qxc3 18. Qd3 Qxd3 19. cxd3 Bf5 20. d4 Raf8 21. f3 Bxh3 22. gxh3 Rxf3 23. Rxf3 Rxf3 24. Kg2 Rd3 25. Re1 Kf7 26. Re4 Rxa3 27. Rh4 h5 28. Rf4+ Ke8 29. d5 Ra4 30. Kg3 b6 31. Kh4 a5 32. Kg5 Rxb4 33. Rf3 Rd4 34. Kxg6 Rxd5 35. Rb3 b5 36. Rc3 Rc5 37. Ra3 b4 38. Rb3 Rc3 0-1